Alimentación del grupo familiar : para población urbana popular.

Bewaard in:
Bibliografische gegevens
Hoofdauteur: Padilla Nieto, Ernesto (autor)
Andere auteurs: Janovitz Klapp, Eva (autor) (autor), Nuñez Bravo, Yvette (autor) (autor)
Formaat: Boek
Taal:Spaans
Reeks:(Cuadernillos de educación nutriológica ; no. 1)
Onderwerpen:
Tags: Voeg label toe
Geen labels, Wees de eerste die dit record labelt!

MARC

LEADER 00000cam^a2200000uu^4500
001 000483016
005 20250521000000.0
008 050901s1990^^^^^^^^^^^^rd^r^^000^0^spa^d
009 20260310125101.03
035 |a FCE 000026063 
035 |a FCE 017144 
037 |a Acervo ITESO - Biblioteca 
041 |a spa 
082 0 4 |a 641.1  |b PADal 
100 |a Padilla Nieto, Ernesto  |e (autor) 
245 1 0 |a Alimentación del grupo familiar :  |b para población urbana popular. 
264 |a México :  |b CADES,  |c 1990. 
300 |a 108 p. 
336 |a texto  |b txt  |2 rdacontenido 
337 |a sin mediación  |b n  |2 rdamedio 
338 |a volumen  |b nc  |2 rdasoporte 
440 0 |a (Cuadernillos de educación nutriológica ;  |v no. 1) 
649 |a XX 
650 |a Familia 
650 |a Alimentación 
650 |a Educación Familiar 
650 |a Relación comunidad-familia 
650 |a Economía familiar 
650 |a Desnutrición 
650 |a Zona urbana 
650 |a Crisis económica 
650 |a Historieta 
650 |a Relaciones familiares 
700 |a Janovitz Klapp, Eva  |e (autor) 
700 |a Nuñez Bravo, Yvette  |e (autor) 
910 |a Fondo Centro de Estudios Educativos 
920 |a Impresos - Libros 
930 |a Fondos Especiales 
905 |a 133 
901 |a ALE017144  |b IT2  |c CEE  |u 20250521 
902 |a https://opac.biblio.iteso.mx/vufind/Record/000483016